000 00545nam a22001937a 4500
003 MPLRDC
005 20220104195048.0
008 210129b ||||| |||| 00| 0 eng d
020 _a978-983-3738-88-5
082 _a859.6 DXY v.6 c.3
100 _a邓秀茵
245 _a幸福的味道
_c
250 _a一版十一刷
260 _a马来西亚
_b红蜻蜓出版有限公司 ODONATA PUBLISHING SDN BHD
_c2014
300 _b
490 _a邓秀茵作品 :06
650 _a儿童故事;儿童小说
942 _cBK
_o859.6 DXY v.6 c.3
999 _c65995
_d65985